LEADER 01438aam 2200409I 450 001 9910709924203321 005 20151118015316.0 024 8 $aGOVPUB-C13-27c4b89c9652514d5b3fccdbb9d2fe5c 035 $a(CKB)5470000002475027 035 $a(OCoLC)929878423 035 $a(EXLCZ)995470000002475027 100 $a20151118d1977 ua 0 101 0 $aeng 181 $2rdacontent 182 $2rdamedia 183 $2rdacarrier 200 10$aCollaborative reference program for paper $eReport no. 49S Strength tests /$fR. G. Powell; E. B. Randall Jr.; J. Horlick 210 1$aGaithersburg, MD :$cU.S. Dept. of Commerce, National Institute of Standards and Technology,$d1977. 215 $a1 online resource 225 1 $aNBSIR ;$v77-1323 300 $a1977. 300 $aContributed record: Metadata reviewed, not verified. Some fields updated by batch processes. 300 $aTitle from PDF title page. 320 $aIncludes bibliographical references. 517 $aCollaborative reference program for paper 700 $aPowell$b R. G$01386938 701 $aHorlick$b J$01386491 701 $aPowell$b R. G$01386938 701 $aRandall$b E. B., Jr$01386939 712 02$aUnited States.$bNational Bureau of Standards. 801 0$bNBS 801 1$bNBS 801 2$bGPO 906 $aBOOK 912 $a9910709924203321 996 $aCollaborative reference program for paper$93436261 997 $aUNINA